| 000 | 00454nam a2200157 4500 | ||
|---|---|---|---|
| 001 | 109990 | ||
| 003 | ES-MaACL | ||
| 007 | t| | ||
| 008 | 061121s1966 sp r ||||1| cat d | ||
| 100 | 1 |
_aObradors y Rovira, Rosa. _986421 |
|
| 245 | 1 | 0 |
_aOrtografía catalana _b: llibre del mestre / _cRosa Obradors y Rovira. |
| 250 | _a2ª. ed. | ||
| 260 |
_aBarcelona : _bCots, _c1966. |
||
| 300 |
_a126 p. : _bil. ; _c22 cm. |
||
| 852 |
_aES-MaACL _jG-5064 _bR.62187 |
||
| 999 |
_c109990 _d109990 |
||